Economía para ingenieros (Registro nro. 4493)

Detalles MARC
000 -LEADER
fixed length control field 01142 a2200241 4500
001 - CONTROL NUMBER
control field 47925
005 - DATE AND TIME OF LATEST TRANSACTION
control field 20260407155745.0
008 - FIXED-LENGTH DATA ELEMENTS--GENERAL INFORMATION
fixed length control field 260407a2004 arg spa d
003 - CONTROL NUMBER IDENTIFIER
control field AR-UNSa-BCEJYS
040 ## - CATALOGING SOURCE
Original cataloging agency AR-UNSa-BCEJYS
Language of cataloging spa
Transcribing agency AR-UNSa-BCEJYS
080 ## - UNIVERSAL DECIMAL CLASSIFICATION NUMBER
Universal Decimal Classification number 330
Common auxiliary subdivision Economía en general
020 ## - INTERNATIONAL STANDARD BOOK NUMBER
International Standard Book Number 84-9732-301-7
100 1# - MAIN ENTRY--PERSONAL NAME
Personal name Lacalle Calderón, Maricruz
245 10 - TITLE STATEMENT
Title Economía para ingenieros
264 #1 - PRODUCTION, PUBLICATION, DISTRIBUTION, MANUFACTURE, AND COPYRIGHT NOTICE
Place of production, publication, distribution, manufacture Madrid :
Name of producer, publisher, distributor, manufacturer Thomson
Date of production, publication, distribution, manufacture, or copyright notice 2004
300 ## - PHYSICAL DESCRIPTION
Extent 400 p.
Dimensions 24 cm.
505 ## - FORMATTED CONTENTS NOTE
Formatted contents note Primera Parte: Microeconomía: 1. Una aproximación a la economía - 2. Elementos básicos de la oferta y la demanda - 3. Elasticidades - 4. Producción y costes - 5. Teoría de mercados - 6. Fallos de mercado - Segunda Parte: Economía de la empresa: 7. El sistema de información contable - 8. Las finanzas en la empresa - Tercera Parte: Macroeconomía: 9. Estimación de la actividad económica - 10. Equilibrio macroeconómico - 11. El dinero - 12. El comercio internacional.
590 ## - LOCAL NOTE (RLIN)
Local note niveau_biblio:m niveau_hierar:0
700 1# - ADDED ENTRY--PERSONAL NAME
Personal name Cepeda González, Isabel
700 1# - ADDED ENTRY--PERSONAL NAME
Personal name Simón del Potro, Jesús
700 1# - ADDED ENTRY--PERSONAL NAME
Personal name Romero Fúnez, Domi
942 ## - ADDED ENTRY ELEMENTS (KOHA)
Koha item type
Existencias
Withdrawn status Lost status Damaged status Not for loan Home library Current library Shelving location Date acquired Total checkouts Full call number Barcode Date last seen Price effective from Koha item type
        Biblioteca Prof. Eusebio Cleto del Rey Biblioteca Prof. Eusebio Cleto del Rey   07/04/2026   330 E19 L127701 07/04/2026 07/04/2026 Libro